Normal view
MARC view
Entry Topical Term
001 - CONTROL NUMBER
- control field: 50566
003 - CONTROL NUMBER IDENTIFIER
- control field: ARRUPE
005 - DATE AND TIME OF LATEST TRANSACTION
- control field: 20211019102752.0
008 - FIXED-LENGTH DATA ELEMENTS
- fixed length control field: 211019|| aca||aabn | a|a d
040 ## - CATALOGING SOURCE
- Original cataloging agency: ARRUPE
- Transcribing agency: ARRUPE
150 ## - HEADING--TOPICAL TERM
- Topical term or geographic name as entry element: Civil war
670 ## - SOURCE DATA FOUND
- Source citation: Work cat.: (ARRUPE)0: Williams, Robin M., Jr., 1914-2006. 50565, The wars within :, 2003.